000 00567nam a2200169 i 4500
001 63691
003 ES-MaACL
005 20230906164937.0
007 t|
008 031216s1912 it ||||1| ita d
100 1 _aFichte, Johann Gottlieb (
_d1762-1814)
_950677
245 1 0 _aSulla missione del dotto
_b: cinque letture /
_cJohann Gottlieb Fichte ; tradotte da Elsa Roncali ; prefazione de Giulio Vitali.
260 _aLanciano :
_b[s.n.],
_c1912 (
_fR. Carabba)
700 1 _aRoncali, Elsa.
_999498
700 1 _aVitali, Giulio.
_9115506
852 _aES-MaACL
_jF-8775
999 _c63691
_d63691